000 01837nam a2200349 a 4500
001 BRCA_3266
005 20190320204208.0
008 120309s1833----enka---###---#000-0#eng-#
041 _aeng
044 _aenk
084 _a567
_b.W55
_c1833
100 1 _aCervantes Saavedra, Miguel de
_d1547-1616
_9213
245 1 0 _aThe History and Adventures of the Renowned Don Quixote
_cTranslated from the Spanish of Miguel de Cervantes Saavedra by T. Smollett, to which is Prefixed a Memoir of the Author by Thomas Roscoe.
260 _aLondres
_bEffingham Wilson and Co.
_c1833
300 _a3 v.
_bil.
_c18 cm.
440 0 _aThe Novelist´s Library
_v13, 14 y 15
_98680
500 _aContenido : v.1. Primera parte. Prólogo del autor y memoria sobre el mismo escrita por T. Roscoe. -- v.2. Texto. -- v.3. Segunda parte. Texto
500 _aEdición : Illustrated by George Cruickshank
500 _aTraducción de Smollett acertadamente revisada y corregida por Th. Roscoe quien le añadio una buena biografía, para su tiempo, basada en la excelente, excrita por M. F. de Navarrete. Edición impresa con esmero, en muy buen papel, y adornada con aguafuertes de G. Cruickshank mejores que los que figura en la edición de 1831. Tela Lúdovik Osterc
500 _aQM450
546 _aTexto en : inglés
650 1 4 _aNovela española
_yÉpoca clásica, 1500-1700
_9215
650 1 4 _aLiteratura española
_yÉpoca clásica, 1500-1700
_9216
650 1 4 _aNovela española
_ySiglo XVII
_9217
650 1 4 _aDon Quijote (Personaje ficticio)
_eNovela
_9218
700 1 _aSmollett, Tobias George
_d1721-1771
_eTraductor
_98681
700 1 _aCruickshank, George
_d1853-1904
_eIlustrador
_98682
700 1 _aRoscoe, Thomas
_d1791-1871
_eAnotador
_98683
740 0 _aEl Ingenioso Hidalgo Don Quijote de la Mancha
902 _aQFM
942 _2lcc
_cB
999 _c3002
_d3002